Vplyv jednotlivých zložiek marketingového mixu pri rýchloobrátkovom tovare diplomová práca

Enregistré dans:
Détails bibliographiques
Auteur principal: Župová, Laura
Collectivité auteur: Obchodná fakulta EU. Katedra marketingu
Autres auteurs: Francová, Zuzana, 1971-
Format: Livre
Langue:slovaque
Publié: Bratislava 2020
Tags: Ajouter un tag
Pas de tags, Soyez le premier à ajouter un tag!

MARC

LEADER 00000nbm a2200000 4500
001 0266366
005 20201006140105.2
041 0 |a slo 
044 |a SK 
245 1 0 |a Vplyv jednotlivých zložiek marketingového mixu pri rýchloobrátkovom tovare  |b diplomová práca  |c Laura Župová ; školiteľ: Zuzana Francová 
264 1 |a Bratislava  |c 2020 
300 |a 83 s. 
100 1 |a Župová, Laura 
700 1 |a Francová, Zuzana, 1971- 
710 2 |a Obchodná fakulta EU. Katedra marketingu